El Discurso de la Academia: sobre la relación de las artes plásticas con la naturaleza -1807-
Guardat en:
| Autor principal: | |
|---|---|
| Format: | Llibre |
| Idioma: | espanyol |
| Publicat: |
Madrid
Biblioteca Nueva
2004
|
| Col·lecció: | Clásicos del Pensamiento, 22
|
| Matèries: | |
| Etiquetes: |
Afegir etiqueta
Sense etiquetes, Sigues el primer a etiquetar aquest registre!
|
MARC
| LEADER | 00000nam a2200000 a 4500 | ||
|---|---|---|---|
| 001 | UCK4675 | ||
| 003 | CL-VaPUC | ||
| 008 | 050617e20040000SP |||||||||||||||||spa|d | ||
| 020 | |a 8497422236 | ||
| 082 | 0 | 4 | |a 701.17 |b SCH |2 21 |
| 100 | 0 | |a Schelling, F. W. J |e author |9 493266 | |
| 245 | 1 | 3 | |a El Discurso de la Academia: sobre la relación de las artes plásticas con la naturaleza -1807- |
| 300 | |a 157 p | ||
| 942 | |c BK | ||
| 945 | |d 20050617 00:00:00 |a cmena | ||
| 260 | |a Madrid |b Biblioteca Nueva |c 2004 | ||
| 650 | 0 | |a Filosofía del arte |9 264951 | |
| 650 | 0 | |a Arte y sociedad |9 306277 | |
| 650 | 0 | |a Estética |9 264950 | |
| 650 | 0 | |a Metafísica |9 265649 | |
| 650 | 0 | |a Idealismo |9 265685 | |
| 650 | 0 | |a Filosofía alemana |9 265002 | |
| 650 | 0 | |a Filosofía moderna |9 258121 | |
| 650 | 0 | |a Escuelas filosóficas |9 266232 | |
| 651 | 0 | |a Alemania |9 255688 | |
| 583 | |a last modification |c 20050617 00:00:00 |k Rodrigo Vera | ||
| 490 | 0 | |a Clásicos del Pensamiento, 22 | |
| 999 | |c 313492 |d 313490 | ||
| 952 | |0 0 |1 0 |4 0 |6 701_170000000000000_SCH_2004 |7 0 |8 A |9 384876 |a BIBEDU |b BIBEDU |c ES_NOD |d 2019-11-22 |i 4138147 |o 701.17 SCH 2004 |p 4138147 |r 2023-08-09 |w 2019-11-22 |y BK |k FIL | ||